| 000 | 00952nam a2200265 a 4500 | ||
|---|---|---|---|
| 001 | 000022015 | ||
| 003 | DO-SdBNP | ||
| 005 | 20250318152307.0 | ||
| 008 | 100915s1969 sp r 000 jdspa d | ||
| 040 |
_aDO-SdBNP _bspa _cBNPHU |
||
| 049 | _aBNGR | ||
| 082 |
_a980 _bN964n |
||
| 100 | 1 |
_aNuñez Cabeza de Vaca, Alvar _945642 |
|
| 245 | 1 | 4 |
_aNaufragios y comentarios / _cAlvar Nuñez Cabeza de Vaca; edición y presentación por Dionisio Ridruejo. |
| 260 |
_aMadrid, (España) : _bTaurus Ediciones, _c1969. |
||
| 300 |
_a337 p. ; _c18 cm. |
||
| 490 | 1 |
_aTemas de España; _v79 |
|
| 500 | _aIncluye lista de la colección | ||
| 650 | 4 |
_aIndigenas de américa del norte _945643 |
|
| 651 | 4 |
_aAmérica -- _xDescubrimiento y exploración -- _xEspañoles _9544 _vEnsayo, conferencias, etc. |
|
| 651 | 4 |
_aArgentina _xHistoria _y1535-1617 _945644 |
|
| 700 | 1 |
_aRidruejo, Dionisio _eed. _932870 |
|
| 830 | 0 |
_aTemas de España; _v79 _96849 |
|
| 942 |
_2ddc _cLBS1 |
||
| 999 |
_c21513 _d21513 |
||